[Event "CAN-ch U14 Girls"]
[Site "Vancouver"]
[Date "2012.07.03"]
[Round "1"]
[White "Tao, Rachel Long Xin"]
[Black "Bui, Keira"]
[Result "1-0"]
[WhiteElo "1305"]
[BlackElo "959"]
[PlyCount "53"]
[EventDate "2012.07.03"]
[EventType "tourn"]
[EventRounds "8"]
[EventCountry "CAN"]
[SourceTitle "EXT 2022"]
[Source "ChessBase"]
[SourceDate "2021.10.06"]
[SourceVersion "1"]
[SourceVersionDate "2021.10.06"]
[SourceQuality "1"]

1. e4 e6 2. d4 g6 3. Nf3 h6 4. Be2 b6 5. 0-0 Bg7 6. Nc3 Bb7 7. Re1 a5 8. d5 a4 9. Rb1 a3 10. Qd2 c6 11. bxa3 h5 12. Bb2 Rh7 13. Qf4 Bh6 14. Qg3 Bg7 15. Rbd1 cxd5 16. exd5 h4 17. Qg4 Nh6 18. Qc4 Nf5 19. dxe6 fxe6 20. Qg4 Ne7 21. Ng5 Rh6 22. Nxe6 Qc8 23. Nxg7+ Kd8 24. Bb5 Nec6 25. Qg5+ Kc7 26. Qf4+ Kd8 27. Re8# 1-0